|
|
|
|
| LEADER |
01977nam a2200397 a 4500 |
| 001 |
EBC886370 |
| 003 |
MiAaPQ |
| 005 |
20200520144314.0 |
| 006 |
m o d | |
| 007 |
cr cn||||||||| |
| 008 |
120210s2012 cauac sb 001 0 eng d |
| 010 |
|
|
|z 2012004912
|
| 020 |
|
|
|z 9781609944872 (hardcover)
|
| 020 |
|
|
|a 9781609944889 (electronic bk.)
|
| 035 |
|
|
|a (MiAaPQ)EBC886370
|
| 035 |
|
|
|a (Au-PeEL)EBL886370
|
| 035 |
|
|
|a (CaPaEBR)ebr10553727
|
| 035 |
|
|
|a (CaONFJC)MIL353210
|
| 035 |
|
|
|a (OCoLC)784886633
|
| 040 |
|
|
|a MiAaPQ
|c MiAaPQ
|d MiAaPQ
|
| 050 |
|
4 |
|a HD57.7
|b .J635 2012
|
| 082 |
0 |
4 |
|a 658.4/092
|2 23
|
| 100 |
1 |
|
|a Johansen, Robert.
|
| 245 |
1 |
0 |
|a Leaders make the future
|h [electronic resource] :
|b ten new leadership skills for an uncertain world /
|c Bob Johansen ; foreword by John R. Ryan.
|
| 250 |
|
|
|a 2nd ed., rev. and expanded.
|
| 260 |
|
|
|a San Francisco, Calif. :
|b Berrett-Koehler Publishers, Inc.,
|c c2012.
|
| 300 |
|
|
|a xxii, 245 p. :
|b ill., port.
|
| 504 |
|
|
|a Includes bibliographical references and index.
|
| 505 |
0 |
|
|a Foreword / John R. Ryan, President and CEO, Center for Creative -- Introduction: listening for the future -- Maker instinct -- Clarity -- Dilemma flipping -- Immersive learning ability -- Bio-empathy -- Constructive depolarizing -- Quiet transparency -- Rapid prototyping -- Smart-mob organizing -- Commons creating -- Future immersion for leadership development -- Learning the ten future leadership skills yourself -- Notes -- Bibliography -- Acknowledgments -- Index -- About the author -- About IFTF.
|
| 533 |
|
|
|a Electronic reproduction. Ann Arbor, MI : ProQuest, 2015. Available via World Wide Web. Access may be limited to ProQuest affiliated libraries.
|
| 650 |
|
0 |
|a Leadership.
|
| 650 |
|
0 |
|a Executive ability.
|
| 655 |
|
4 |
|a Electronic books.
|
| 700 |
1 |
|
|a Vera, Juan Dal.
|
| 710 |
2 |
|
|a ProQuest (Firm)
|
| 856 |
4 |
0 |
|u https://ebookcentral.proquest.com/lib/matrademy/detail.action?docID=886370
|z Click to View
|